Los extraordinarios casos de Monsieur Dupin / (Registro nro. 7515)

Detalles MARC
000 -LIDER
fixed length control field 00984cam a2200301 a 4500
001 - NÚMERO DE CONTROL
Identificador de número de control 000020117
003 - IDENTIFICACDOR DE NÚMERO DE CONTROL
control field DO-SdBNP
005 - DATE AND TIME OF LATEST TRANSACTION
control field 20220718124445.0
007 - CAMPOS FIJOS DE DESCRIPCIÓN FÍSICA
fixed length control field 000020117
008 - ELEMENTOS DE LONGITUD FIJA
fixed length control field 700702s2000 sp 000 f spa d
020 ## - ISBN
International Standard Book Number 8481301191
040 ## - FUENTE DE CATALOGACIÓN
Agencia que crea de manera original el registro BPMSU
Idioma de catalogación spa
Agencia que realiza la transcripción BPMSU
082 04 - NÚMERO DE CLASIFICACIÓN DECIMAL DE DEWEY
Classification number 813.3
Item number P743e 2000
Edition number 22
100 1# - ASIENTO PRINCIPAL -- NOMBRE PERSONAL
Nombre personal Poe, Edgar Allan,
Fechas asociadas con el nombre 1809-1849
240 14 - TITULO UNIFORME
Idioma de una obra
245 14 - MENCIÓN DE TITULO
Título Los extraordinarios casos de Monsieur Dupin /
Mención de responsabilidad Edgar Allan Poe ; traducción de Domingo Santos ; prólogo Gonzalo Suárez
260 ## - PUBLICACIÓN, DISTRIBUCIÓN, ETC. (PIE DE IMPRENTA)
Lugar de publicación, distribución, etc Madrid :
Nombre del editor, distribuidor, etc. Millenium,
Fecha de publicación, distribución, etc 1999.
300 ## - DESCRIPCIÓN FÍSICA
Extensión 124 p. ;
Dimensiones 19 cm.
490 0# - MENCIÓN DE SERIES
Mención de serie Las 100 joyas del milenio,
Volume/sequential designation 19
534 ## - NOTA SOBRE LA VERSIÓN ORIGINAL
Asiento principal del original Título original:
Mención del título original The murders in the rue morgue
Publicación, distribución, etc. del original
590 ## - NOTA LOCAL
Enlace Inventariado, 2022/VM
650 #4 - ENCABEZAMIENTO DE MATERIA--TEMÁTICO
Término temático o nombre geográfico como elemento de entrada Cuentos estadounidenses
650 #4 - ENCABEZAMIENTO DE MATERIA--TEMÁTICO
Término temático o nombre geográfico como elemento de entrada Literatura estadounidense
700 1# - ASIENTO SECUNDARIO -- NOMBRE PERSONAL
Nombre personal Santos, Domingo
Mención de responsabilidad traductor
700 1# - ASIENTO SECUNDARIO -- NOMBRE PERSONAL
Nombre personal Suárez, Gonzalo
Mención de responsabilidad prólogo
910 ## - VALIDACIÓN
Validación VMateo V./ Validado. Control de calidad MFF
942 ## - ADDED ENTRY ELEMENTS (KOHA)
Source of classification or shelving scheme Dewey Decimal Classification
Koha item type Libros
Existencias
Withdrawn status Lost status Source of classification or shelving scheme Damaged status Not for loan Collection code Home library Current library Date acquired Full call number Barcode Date last seen Price effective from Koha item type
    Dewey Decimal Classification     Colección General Biblioteca Pública Metropolitana Salomé Ureña Biblioteca Pública Metropolitana Salomé Ureña 02/26/2015 BPMSU CD 813.3 P743e 2000 BPMSU15040193 02/26/2015 02/26/2015 Libros